000 00311nas a22001337a 4500
001 T027600012910-00
008 190830b xxu||||| |||| 00| 0 esp |
040 _aFEVP
_cFEVP
245 _aApropaca
260 _c1993
300 _a80p.
650 _aConservación de los Recursos Naturales--Venezuela
942 _cREV
999 _c18291
_d18291